[Event "Kisber op"]
[Site "Kisber"]
[Date "2011.07.23"]
[Round "4"]
[White "Berek, Geza"]
[Black "Kerekes, Lajos"]
[Result "1-0"]
[WhiteElo "2218"]
[BlackElo "1965"]
[PlyCount "85"]
[EventDate "2011.07.21"]
[EventType "swiss"]
[EventRounds "7"]
[EventCountry "HUN"]
[SourceTitle "EXT 2012"]
[Source "ChessBase"]
[SourceDate "2011.11.24"]
[SourceVersion "1"]
[SourceVersionDate "2011.11.24"]
[SourceQuality "1"]

1. e4 c5 2. Nf3 Nc6 3. d4 cxd4 4. Nxd4 g6 5. Nc3 Bg7 6. Be3 Nf6 7. Bc4 0-0 8. Bb3 e5 9. Ndb5 a6 10. Nd6 Nd4 11. Nd5 Nxd5 12. Bxd5 Qc7 13. Nc4 Rb8 14. c3 b5 15. Nxe5 Nc2+ 16. Qxc2 Bxe5 17. g3 Bb7 18. 0-0-0 Bxd5 19. Rxd5 Rfd8 20. Rhd1 d6 21. Bd4 a5 22. Qd3 Bxd4 23. Qxd4 Qc4 24. Qxc4 bxc4 25. Rxa5 Rb7 26. Rad5 Rbd7 27. e5 Kf8 28. Rxd6 Ke7 29. Rxd7+ Rxd7 30. Rxd7+ Kxd7 31. Kd2 Ke6 32. f4 f6 33. exf6 Kxf6 34. Ke3 Kf5 35. a4 Kg4 36. a5 Kh3 37. a6 Kxh2 38. Kf2 Kh3 39. Kf3 h6 40. a7 g5 41. fxg5 hxg5 42. a8Q g4+ 43. Kf2 1-0

[Event "Kisber op"]
[Site "Kisber"]
[Date "2011.07.21"]
[Round "1"]
[White "Kerekes, Lajos"]
[Black "Balogh, Peter"]
[Result "0-1"]
[WhiteElo "1965"]
[BlackElo "1944"]
[PlyCount "86"]
[EventDate "2011.07.21"]
[EventType "swiss"]
[EventRounds "7"]
[EventCountry "HUN"]
[SourceTitle "EXT 2012"]
[Source "ChessBase"]
[SourceDate "2011.11.24"]
[SourceVersion "1"]
[SourceVersionDate "2011.11.24"]
[SourceQuality "1"]

1. e4 e5 2. Nf3 Nc6 3. c3 d5 4. Bb5 dxe4 5. Qa4 exf3 6. Bxc6+ bxc6 7. Qxc6+ Bd7 8. Qxf3 Nf6 9. 0-0 Bd6 10. h3 0-0 11. d3 Qe8 12. Re1 Bc6 13. Qe2 Qe6 14. Bg5 Nd5 15. Nd2 Qg6 16. Nf3 Nxc3 17. bxc3 Bxf3 18. Qxf3 Qxg5 19. Rab1 Rab8 20. Qe3 Qxe3 21. fxe3 Rb6 22. Rb3 Rfb8 23. Reb1 Rxb3 24. Rxb3 Rxb3 25. axb3 Kf8 26. Kf2 Ke7 27. Kf3 Ke6 28. e4 Ba3 29. b4 a6 30. Ke2 c5 31. bxc5 Bxc5 32. Kd2 f5 33. Kc2 a5 34. Kb3 f4 35. Ka4 Bb6 36. Kb5 g5 37. Kxb6 a4 38. c4 a3 39. d4 a2 40. d5+ Kd7 41. c5 a1Q 42. c6+ Kd6 43. c7 Qb2+ 0-1